[Event "Saint Louis Summer-B"]
[Site "Saint Louis"]
[Date "2023.08.09"]
[Round "8"]
[White "Chandra, Akshat"]
[Black "Lenderman, Aleksandr"]
[Result "0-1"]
[WhiteElo "2469"]
[BlackElo "2547"]
[PlyCount "142"]
[EventDate "2023.08.02"]
[EventType "tourn"]
[EventRounds "9"]
[EventCountry "USA"]
[EventCategory "11"]
[SourceTitle "CBM 215 Extra"]
[Source "ChessBase"]
[SourceDate "2023.09.30"]
[SourceVersion "1"]
[SourceVersionDate "2023.09.30"]
[SourceQuality "1"]

1. c4 e5 2. g3 Nf6 3. Bg2 d5 4. cxd5 Nxd5 5. Nf3 Nc6 6. 0-0 Nb6 7. Nc3 Be7 8. b3 0-0 9. Bb2 Re8 10. Rc1 Bf8 11. d3 Nd4 12. Nd2 c6 13. e3 Ne6 14. Nc4 Nc5 15. d4 exd4 16. exd4 Ncd7 17. Ne3 Nf6 18. d5 c5 19. a4 Bd7 20. d6 Bc6 21. Bxc6 bxc6 22. Nf5 Nbd7 23. Nb1 g6 24. Ne3 Re6 25. Nc4 Ne4 26. Re1 Nb6 27. Qf3 Nxc4 28. bxc4 Rb8 29. Rxe4 Rxe4 30. Qxe4 Rxb2 31. Qe5 Qb8 32. Nc3 Qxd6 33. Qxd6 Bxd6 34. Ne4 Be7 35. Rd1 f5 36. Nd2 Ra2 37. Nf3 Rxa4 38. Ne5 Bf6 39. Nxc6 Rxc4 40. Nxa7 Rc2 41. Nb5 Rb2 42. Rd6 Be5 43. Rd5 Bxg3 44. hxg3 Rxb5 45. Rd7 Rb2 46. Rc7 Rc2 47. Kg2 c4 48. Kf3 c3 49. Kf4 Rxf2+ 50. Kg5 Re2 51. Kf6 Re8 52. Rg7+ Kh8 53. Rc7 c2 54. Kf7 Rg8 55. Rxc2 g5 56. Kf6 f4 57. g4 h5 58. Rh2 h4 59. Rh3 Kh7 60. Ra3 Kh6 61. Kf7 Rg7+ 62. Kf6 Rg6+ 63. Kf5 Rb6 64. Rc3 Rb5+ 65. Kf6 Rb8 66. Kf7 Rb6 67. Ra3 Kh7 68. Ra5 h3 69. Rxg5 h2 70. Rg7+ Kh6 71. Rg6+ Rxg6 0-1

[Event "Saint Louis Summer-B"]
[Site "Saint Louis"]
[Date "2023.08.03"]
[Round "2"]
[White "Lenderman, Aleksandr"]
[Black "Mikaelyan, Arman"]
[Result "1/2-1/2"]
[WhiteElo "2547"]
[BlackElo "2521"]
[PlyCount "80"]
[EventDate "2023.08.02"]
[EventType "tourn"]
[EventRounds "9"]
[EventCountry "USA"]
[EventCategory "11"]
[SourceTitle "CBM 215 Extra"]
[Source "ChessBase"]
[SourceDate "2023.09.30"]
[SourceVersion "1"]
[SourceVersionDate "2023.09.30"]
[SourceQuality "1"]

1. d4 d5 2. c4 e6 3. Nf3 Nf6 4. g3 c5 5. cxd5 cxd4 6. Bg2 Qxd5 7. Qxd4 Nc6 8. Qxd5 Nxd5 9. a3 Be7 10. 0-0 0-0 11. Nbd2 Rd8 12. Nc4 b5 13. Nce5 Bb7 14. Nxc6 Bxc6 15. Bg5 Bxg5 16. Nxg5 Rac8 17. Rac1 h6 18. Nf3 Nb6 19. Ne5 Bxg2 20. Kxg2 Rd2 21. Rxc8+ Nxc8 22. Rc1 Nd6 23. Rc6 Rxe2 24. Rxd6 Rxe5 25. Rd8+ Kh7 26. Rd7 a5 27. Rxf7 Re2 28. b3 Rb2 29. Ra7 Rxb3 30. Rxa5 Kg6 31. a4 bxa4 32. Rxa4 Rc3 33. Rb4 Ra3 34. Rc4 Rb3 35. Ra4 Rc3 36. Rg4+ Kf6 37. Rf4+ Kg6 38. Rg4+ Kf6 39. Rf4+ Kg6 40. Rg4+ Kf6 1/2-1/2

[Event "Titled Tuesday intern op 25th Jul Late"]
[Site "Chess.com INT"]
[Date "2023.07.25"]
[Round "10"]
[White "Lenderman, Aleksandr"]
[Black "Andreikin, Dmitry"]
[Result "0-1"]
[WhiteElo "2547"]
[BlackElo "2729"]
[PlyCount "84"]
[EventDate "2023.07.25"]
[EventType "swiss (blitz)"]
[EventRounds "11"]
[EventCountry "USA"]
[SourceTitle "EXT 2024"]
[Source "ChessBase"]
[SourceDate "2023.10.10"]
[SourceVersion "1"]
[SourceVersionDate "2023.10.10"]
[SourceQuality "1"]

1. Nf3 b5 2. e4 Bb7 3. Bxb5 Bxe4 4. d4 c6 5. Be2 Nf6 6. 0-0 e6 7. c4 d5 8. Nc3 Bxf3 9. Bxf3 Bd6 10. Bg5 0-0 11. Qb3 Nbd7 12. c5 Bc7 13. Qb7 Qc8 14. Qxc8 Rfxc8 15. b4 e5 16. b5 exd4 17. bxc6 dxc3 18. cxd7 Nxd7 19. Bxd5 Rab8 20. c6 Nb6 21. Bb3 Bd6 22. Rfd1 Rxc6 23. Rd3 h6 24. Be3 Ba3 25. Re1 Bb2 26. g3 Re8 27. Rf1 Rxe3 28. fxe3 c2 29. Rd8+ Kh7 30. Bxc2+ Rxc2 31. Rxf7 Bf6 32. Rd6 Bg5 33. Re6 Nc4 34. e4 Rxa2 35. h4 Be3+ 36. Kh1 Bd4 37. h5 Ne5 38. Rf8 Ng4 39. Rf2 Rxf2 40. Rxh6+ Kxh6 41. e5 Kxh5 42. e6 Rh2# 0-1